000
00351pam a2200157a 44500
008
230515b1991 xxu||||| |||| 00| 0 eng d
020
_a
NULL
041
_a
ENGL
082
_a
001.642 / GOT
100
_a
BYRON S. GOTTFRIED
245
_a
PROGRAMMING WITH C
250
_a
N.D.
260
_a
NULL
_b
T.M.H
_c
1991
300
_a
531 PB
650
_a
NULL
999
_c
628367
_d
628367